Formation of the Independence Party in Post-war Iraq

Historický pohľad na liberalizáciu politického poriadku v Iraku.

Enregistré dans:
Détails bibliographiques
Auteur principal: Sorby, Karol R.
Format: Chapitre de livre
Langue:anglais
Sujets:
Tags: Ajouter un tag
Pas de tags, Soyez le premier à ajouter un tag!

MARC

LEADER 00000nla a2200000 4500
001 0236613
005 20240502073827.6
041 0 |a eng 
044 |a SK 
245 1 0 |a Formation of the Independence Party in Post-war Iraq  |c Karol R. Sorby 
520 |a Historický pohľad na liberalizáciu politického poriadku v Iraku. 
610 2 0 |a politika 
610 2 0 |a Irak 
610 2 0 |a strany politické 
610 2 0 |a strany vládne 
610 2 0 |a história 
610 2 0 |a liberalizmus 
610 2 0 |a konflikty 
610 2 0 |a nezávislosť 
100 1 |a Sorby, Karol R.